000 01881nam a22003855i 4500
001 162348
003 ES-MaACL
005 20250727063148.0
008 960207s1786 it |||| | ita d
040 _aCAM
_bspa
_cCAM
080 _a821.134.2-1(082.2)"15"
245 0 0 _aPoesías de veinte i dos autores españoles del siglo décimo sexto /
_ctradotte in lingue italiana da Gianfrancesco Masdeu
246 1 _aPoesie di ventidue autori Spagnuoli del Cinquecento
260 _aRoma :
_bper Luigi Perego Salvioni,
_c1786
300 _a2 tomos en 1 volumen (229, [1], [2] en blanco ; [3], 234-514 páginas ;
_c12º
_b
530 _aDisponible en formato digital
546 _aTexto paralelo en español e italiano
594 _aTítulo de la portada contrapuesta: Poesie di ventidue autori Spagnuoli del Cinquecento
597 _aSign.: Sign.: a-i¹², k8 ; l-m8, n-y¹², z6.
597 _aTomo 2 con portada propia
597 _aPortada con adorno xilográfico
650 4 _aPoesías españolas-
_yS.XVI-XVII
_916219
655 7 _aPoesías
_9176539
700 1 _aMasdéu, Juan Francisco,
_d1744-1817
_etrl
_9129694
700 1 _aPerego Salvioni, Luigi,
_dfl.1781-1811
_eprm
_9241400
752 _aItalia-
_dRoma
852 _aES-MaACL
_cDEPO
_dOlim: D-337
_fEx-libris de Celestino Acevedo
_jR-491
_xPiel con hierros, no original de la época
856 _uhttps://bdh-rd.bne.es/viewer.vm?id=0000087648&page=1
_yVersión en línea
_z(Biblioteca Digital Hispánica)
856 _uhttps://patrimoniodigital.ucm.es/s/patrimonio/item/690647
_yVersión en línea: t. 1
_z(Patrimonio Digital Complutense)
857 _uhttps://patrimoniodigital.ucm.es/s/patrimonio/item/690658
_yVersión en línea: t. 2
_z(Patrimonio Digital Complutense)
942 _cMONANT
_n0
999 _c162348
_d162348